The Reddest States: Sudden Death - Statistics

General Stats
  • This quiz has been taken 65 times
  • The average score is 19 of 22
Answers on the Grid
Answers color-coded by a green-red scale on the quiz's grid according to % correct below.
Idaho
Arkansas
Montana
Oregon
Washington
Indiana
Utah
New Hampshire
Vermont
North Dakota
South Dakota
Nebraska
Kansas
Oklahoma
Texas
Alaska
West Virginia
North Carolina
South Carolina
Hawaii
Wyoming
Illinois
Tennessee
Kentucky
Missouri
Louisiana
Alabama
Mississippi
 
Answer Stats
Answer % Correct
Texas
96%
Alabama
91%
Louisiana
91%
Arkansas
89%
Missouri
89%
Oklahoma
89%
Kansas
87%
Kentucky
87%
Mississippi
87%
South Carolina
87%
South Dakota
87%
Montana
85%
Tennessee
85%
Wyoming
85%
Indiana
83%
North Carolina
83%
North Dakota
83%
West Virginia
83%
Idaho
81%
Nebraska
81%
Utah
79%
Alaska
77%
No matching quizzes found
Score Distribution
Percent of People with Each Score
Percentile by Number Answered
Your Score History
You have not taken this quiz